Formulación y evaluación de proyectos : (Registro nro. 21850)

Detalles MARC
000 -Cabecera
Campo de control interno 00892nam a2200265Ia 4500
005 - Fecha y hora del registro
control field 20260320113318.0
008 - Elementos de Longitud Fija
fixed length control field 260320s9999||||xx |||||||||||||| ||und||
020 ## - ISBN
ISBN 9789587719116
041 ## - Idioma
Codigo Idioma ESP
082 ## - DEWEY y NOTACIÓN INTERNA
Dewey 332.678
Notación Interna M42
100 ## - AUTOR
Autor denominación Méndez Lozano, Rafael,
Término de relación autor
245 #0 - TÍTULO DE MATERIAL BIBLIOGRÁFICO
Título Formulación y evaluación de proyectos :
Título paralelo enfoque para emprendedores
246 ## - TÍTULO TRADUCIDO
Título
Título paralelo
Autor
250 ## - EDICIÓN
Edición Decima edición. Reimpresión
260 ## - CIUDAD, EDITORIAL, AÑO
Ciudad Bogotá :
Nombre de la Editorial Ecoe Ediciones Limitada,
Año 2021
300 ## - DESCRIPCIÓN
N° Páginas xxxii, 544 páginas :
Otros detalles ilustraciones, tablas ;
Dimensiones 24 cm.
Material Adicional
440 ## - MENCIÓN DE SERIE
Título de la Serie
Número de Serie
Volumen de Serie
650 ## - TEMAS
Temas Ciencias Sociales
653 ## - DESCRIPTORES
Lenguajes no controlado Evaluación de proyectos; Administración de proyectos; Elaboración de proyectos
654 ## - PROGRAMAS
Programa Dpto. de Administración de Negocios
700 ## - OTROS AUTORES
Otros autores
Títulos y otras palabras asociadas con el nombre
856 ## - URL - UBICACIÓN
URI/URL: Enlace exacto del recurso <a href="https://www-bibliotechnia-com-mx.ucsp.lookproxy.com/">https://www-bibliotechnia-com-mx.ucsp.lookproxy.com/</a>
Nota pública: Versión digital <a href="Véase además: Base de datos BiblioTechnia">Véase además: Base de datos BiblioTechnia</a>
942 ## - ELEMENTOS DE KOHA
Tipo de documento Libro
Nombre del creador Justo Noguera
Código de catalogador Margarita Torres
Esquema de clasificación Dewey Decimal Classification
Suppress in OPAC
Existencias
Codigo completo Registro Colección Copia número Disponibilidad Tipo de préstamo Biblioteca Actual Procedencia (Biblioteca) Ubicacón Fecha Ingreso Tipo de Adquisición Observación Date last seen Total checkouts Price effective from Tipo de Item Estado del Material Fuente de Clasificación Damaged status Withdrawn status
332.678 M42 1085954 Universidad Católica San Pablo 1 Disponible Disponible Víctor Andrés Belaunde Víctor Andrés Belaunde Planta baja abierta 10/03/2026 Compra Ingeniería Ambiental 20/03/2026   20/03/2026 Libro Bueno Dewey Decimal Classification